| 000 | 00424nam a2200157 i 4500 | ||
|---|---|---|---|
| 001 | 88420 | ||
| 003 | ES-MaACL | ||
| 005 | 20230906175846.0 | ||
| 007 | t| | ||
| 008 | 050104s1920 fr ||||1| fre d | ||
| 100 | 1 |
_aLandesque, P. _969947 |
|
| 245 | 1 | 0 |
_aHydrologie et hydroscopie / _cP. Landesque. |
| 260 |
_aParis : _b[s.n., _c1920] ( _eChartres : _fDurand) |
||
| 300 |
_aXV, 225 p. ; _c25 cm. |
||
| 852 |
_aES-MaACL _jE-1316 |
||
| 999 |
_c88420 _d88420 |
||